Historia de la energía / (Record no. 23614)

000 -CABECERA
fixed length control field 01234nam a22002897i 4500
003 - IDENTIFICADOR DEL NÚMERO DE CONTROL
control field AR-CdUCM
008 - DATOS DE LONGITUD FIJA--INFORMACIÓN GENERAL
fixed length control field 260421b sp ad||| |||| 00| 0 spa d
020 ## - NÚMERO INTERNACIONAL ESTÁNDAR DEL LIBRO
ISBN 978-84-17547-51-6
040 ## - FUENTE DE LA CATALOGACIÓN
Agencia/entidad que catalogó originalmente la obra MUNICIPALIDAD PROVINCIAL DEL CUSCO
Entidad que transcribió la catalogación BIBLIOTECA MUNICIPAL DEL CUSCO
082 ## - NÚMERO DE LA CLASIFICACIÓN DECIMAL DEWEY
No. de Clasificación 509
Notacion interna N28
100 ## - ENTRADA PRINCIPAL--NOMBRE DE PERSONA
Nombre Personal Navarro Yáñez, Alejandro
245 ## - MENCIÓN DE TÍTULO
Título Historia de la energía /
260 ## - PUBLICACIÓN, DISTRIBUCIÓN, ETC.
Lugar de publicación, distribución, etc. Córdoba, España :
Nombre de la editorial, distribuidor, etc. Editorial Guadalmazán
Fecha de publicación, distribución, etc. 2021
300 ## - DESCRIPCIÓN FÍSICA
Nº de Páginas Extensión 408 páginas. :
Dimensiones 17,5x25 cm.
500 ## - NOTA GENERAL
Bibliografía Bibliografía : páginas del 389 - 405
505 ## - NOTA DE CONTENIDO CON FORMATO
Nota de contenido formateada ¿Qué es la energía? -- Las mil caras de la energía -- Y el universo se morirá de calor -- Y dijo dios: <<haya luz>> -- Jugando a los dados con Dios -- Nosotros y la energía -- La llama de la existencia -- Caminando hacia las estrellas -- La energía en combate -- El precio de la energía -- Espíritus, fantasmas y el carburante de los platillos volantes
650 ## - PUNTO DE ACCESO ADICIONAL DE MATERIA--TÉRMINO DE MATERIA
Descriptor Energía
9 (RLIN) 15841
650 ## - PUNTO DE ACCESO ADICIONAL DE MATERIA--TÉRMINO DE MATERIA
Descriptor Universo
9 (RLIN) 18615
650 ## - PUNTO DE ACCESO ADICIONAL DE MATERIA--TÉRMINO DE MATERIA
Descriptor Luz
9 (RLIN) 15838
650 ## - PUNTO DE ACCESO ADICIONAL DE MATERIA--TÉRMINO DE MATERIA
Descriptor Poder
9 (RLIN) 4273
650 ## - PUNTO DE ACCESO ADICIONAL DE MATERIA--TÉRMINO DE MATERIA
Descriptor Existencia
9 (RLIN) 18269
650 ## - PUNTO DE ACCESO ADICIONAL DE MATERIA--TÉRMINO DE MATERIA
Descriptor Platillos volantes
9 (RLIN) 52617
856 ## - LOCALIZACIÓN Y ACCESO ELECTRÓNICOS
Dirección electrónica www.editorialguadalmazan.com
942 ## - ELEMENTOS DE PUNTO DE ACCESO ADICIONAL (KOHA)
Fuente de clasificación
Tipo de item Libros-BMC
945 ## - PROCESAMIENTO DE INFORMACIÓN LOCAL (OCLC)
Catalogador esh
AAAA-MM-DD - Fecha de ingreso o modificacion 21-04-2026
Holdings
Estado de retiro (separado) Fuente de clasificación o esquema de estanterías Estado dañado Ubicación Sala donde se ubica Nombre de la colección Fecha de adquisición o compra Fuente de adquisición Costo, precio normal en soles Signatura topográfica Código de Barras Última vez visto (Koha) Tipo de ítem (Koha)
No     Sala Ciencias Sala Ciencias Book Cart 2026-04-21 Donación 50.00 509 / N28 SC0000002468 2026-04-21 Libros-BMC
No     Sala Ciencias Sala Ciencias Book Cart 2026-04-21 Donación 50.00 509 / N28 / e.2 SC0000002469 2026-04-21 Libros-BMC

Powered by Koha